000 00677nam a2200229 i 4500
003 DO-SdBNP
005 20240305073655.0
007 ta
008 230626b2022 dr ||||| |||| 00| 0 spa d
040 _aDO-SdBNP
_bspa
_cBNPHU
_erda
082 4 _bJ614s
_222
100 1 _aRodríguez Demorizi, Emilio,
_d1908-1986
_91039
245 _aSelva verde en romancero /
_cRamón Roberto Jiménez
264 _aSanto Domingo :
_bEdiciones Enriquillo,
_c2022.
300 _a62 páginas ;
_c23 cm.
336 _2rdacontent
_atexto
_btxt
337 _2rdamedia
_asin mediación
_bn
338 _2rdacarrier
_avolumen
_bnc
590 _aInventariado, 2023/DG
910 _aDG
942 _2ddc
_cLBS1
999 _c53967
_d53967